Statistics for Four Countries on Maps #5

Click here to take the quiz!

General Stats

  • This quiz has been taken 1,918 times
    (1,262 since last reset)
  • The average score is 7 of 8

Answers on the Map

Answers color-coded by a green-red scale on the quiz's map according to % correct below.
 

Answer Stats

Country% Correct
Cuba
99%
Haiti
96%
Dominican Republic
95%
Jamaica
95%
Indonesia
93%
Malaysia
91%
Brunei
88%
East Timor
88%

Score Distribution

Percentile by Number Answered

Percent of People with Each Score

Your Score History

You have not taken this quiz since the last reset